[Event "Rouen op 9th"]
[Site "Rouen"]
[Date "2016.12.20"]
[Round "6"]
[White "Yuan, Beline"]
[Black "Mignot, Enzo"]
[Result "1/2-1/2"]
[WhiteElo "1800"]
[BlackElo "1869"]
[PlyCount "54"]
[EventDate "2016.12.17"]
[EventType "swiss"]
[EventRounds "7"]
[EventCountry "FRA"]
[SourceTitle "CBM 176 Extra"]
[Source "ChessBase"]
[SourceDate "2017.03.02"]
[SourceVersion "1"]
[SourceVersionDate "2017.03.02"]
[SourceQuality "1"]

1. d4 e6 2. c4 f5 3. Nf3 Be7 4. Nc3 Nf6 5. g3 0-0 6. Bg2 d6 7. 0-0 Ne4 8. Qc2 Nxc3 9. Qxc3 a5 10. a3 Nd7 11. Qc2 Nf6 12. Be3 Qe8 13. b4 Qh5 14. b5 h6 15. c5 Nd5 16. Bd2 Bd7 17. a4 b6 18. cxb6 cxb6 19. Rac1 Rac8 20. Qb3 f4 21. Rxc8 Bxc8 22. gxf4 Nxf4 23. Bxf4 Rxf4 24. Rc1 Bd7 25. Rc7 Qe8 26. Bh3 Kh8 27. Qe3 Rf6 1/2-1/2

[Event "Agneaux St Lo U16 op 17th"]
[Site "Agneaux"]
[Date "2015.07.10"]
[Round "7"]
[White "Mignot, Enzo"]
[Black "Niepceron, Luc"]
[Result "1-0"]
[WhiteElo "1718"]
[BlackElo "1933"]
[PlyCount "51"]
[EventDate "2015.07.03"]
[EventType "swiss"]
[EventRounds "9"]
[EventCountry "FRA"]
[SourceTitle "EXT 2016"]
[Source "ChessBase"]
[SourceDate "2015.10.08"]
[SourceVersion "1"]
[SourceVersionDate "2015.10.08"]
[SourceQuality "1"]

1. d4 Nf6 2. Nf3 g6 3. c4 Bg7 4. Nc3 d5 5. cxd5 Nxd5 6. e4 Nxc3 7. bxc3 c5 8. h3 0-0 9. Be3 Qa5 10. Qd2 Rd8 11. Rd1 Nc6 12. Bc4 b5 13. Bd5 Bb7 14. 0-0 e6 15. Bb3 Ba6 16. Rfe1 Rd7 17. Bh6 cxd4 18. Bxg7 Kxg7 19. cxd4 Rad8 20. Qb2 Kg8 21. d5 exd5 22. exd5 Ne7 23. d6 Nf5 24. Ne5 Re8 25. Kh2 Nh6 26. Nxf7 1-0